000 00377nam a2200157Ia 4500
001 32108
003 IN-NITTTR
005 20251114233428.0
008 251113s9999||||xx |||||||||||||| ||eng||
040 _beng
040 _cIN-NITTTR
041 _aeng
082 _a621.3819 D286O
245 0 _aOptimization for Engineering Design- Algorithms and examples /
942 _2ddc
_cBK
999 _c34738
_d34738